<?xml version="1.0" encoding="UTF-8"?>
<marc:record xmlns:marc="http://www.loc.gov/MARC21/slim">
   <marc:leader>00000nam a2200000 a 4500</marc:leader>
   <marc:datafield ind1="1" ind2=" " tag="100">
      <marc:subfield code="a">Koperwas, Sam</marc:subfield>
      <marc:subfield code="4">aut</marc:subfield>
      <marc:subfield code="e">Verfasser/-in</marc:subfield>
   </marc:datafield>
   <marc:datafield ind1="1" ind2=" " tag="100">
      <marc:subfield code="a">Bantzer, Claus</marc:subfield>
      <marc:subfield code="4">aut</marc:subfield>
      <marc:subfield code="e">Verfasser/-in</marc:subfield>
   </marc:datafield>
   <marc:datafield ind1="1" ind2=" " tag="100">
      <marc:subfield code="a">Castellano, Richard S.</marc:subfield>
   </marc:datafield>
   <marc:datafield ind1="1" ind2=" " tag="100">
      <marc:subfield code="a">Rapp, Larry</marc:subfield>
   </marc:datafield>
   <marc:datafield ind1="1" ind2=" " tag="100">
      <marc:subfield code="a">Pesci, Joe</marc:subfield>
   </marc:datafield>
   <marc:datafield ind1="1" ind2=" " tag="100">
      <marc:subfield code="a">O'Ross, Ed</marc:subfield>
   </marc:datafield>
   <marc:datafield ind1="1" ind2=" " tag="100">
      <marc:subfield code="a">Rigano, Joseph</marc:subfield>
   </marc:datafield>
   <marc:datafield ind1="0" ind2="0" tag="245">
      <marc:subfield code="a">Dear Mr. Wonderful</marc:subfield>
   </marc:datafield>
   <marc:datafield ind1="0" ind2="0" tag="245">
      <marc:subfield code="c">Schauspieler: Joseph Rigano, Ed O'Ross, Joe Pesci, Larry Rapp, Richard S. Castellano, Karen Ludwig, Gene Ruffini, Frank Vincent, Ivy Ray Browning; Kamera: Michael Ballhaus; Drehbuch: Sam Koperwas; Regie: Peter Lilienthal; Protagonist: Tony Martin; Musik: </marc:subfield>
   </marc:datafield>
   <marc:datafield ind1=" " ind2="1" tag="264">
      <marc:subfield code="a">Potsdam</marc:subfield>
      <marc:subfield code="b">filmwerte GmbH</marc:subfield>
      <marc:subfield code="c">2022</marc:subfield>
   </marc:datafield>
   <marc:datafield ind1="1" ind2=" " tag="520">
      <marc:subfield code="a">Ruby Dennis (Joe Pesci) lebt am Rand von New York und glaubt fest ans große Geld und große Glück. Er besitzt eine Bowlingbahn, die er "Ruby's Palace" nennt und performt dort als Barsänger. Seine Schwester Paula (Karen Ludwig), die ihn unterstützt, muss sich auch noch um ihren Sohn Raymond kümmern, der den Goldkettendiebstahl für sich entdeckt hat. Dann soll "Ruby's Palace" abgerissen und als Baugrund genutzt werden. Während seine Inneneinrichtung langsam davongetragen wird, ist Ruby mehr an seiner Karriere als Sänger interessiert. Während seine Felle davonschwimmen, glaubt er weiter fest an seinen Traum und an einen Ausweg.</marc:subfield>
   </marc:datafield>
   <marc:datafield ind1=" " ind2=" " tag="041">
      <marc:subfield code="a">ger</marc:subfield>
   </marc:datafield>
   <marc:datafield ind1=" " ind2=" " tag="300">
      <marc:subfield code="a">1 Online-Ressource (111 min), Bild: 16:9 HD</marc:subfield>
   </marc:datafield>
</marc:record>
